| 000 | 00800nam a2200277Ia 4500 | ||
|---|---|---|---|
| 003 | OSt | ||
| 005 | 20220912150939.0 | ||
| 006 | a|||||r|||| 00| 0 | ||
| 007 | ta | ||
| 008 | 220909b |||||||| |||| 00| 0 eng d | ||
| 020 | _a1584882247 (hbd) | ||
| 024 | _a2155 | ||
| 037 | _cTextual | ||
| 040 |
_aCSL _beng _cCSL |
||
| 041 | _aeng | ||
| 082 | _aB28110bX, P3 | ||
| 100 | _aKijima Masaaki | ||
| 245 | 0 | _aStochastic processes with applications to finance | |
| 260 |
_aBoca _bRaton Chapman & Hall/CRC _c2003 |
||
| 300 |
_axi, 274p. _ccm. |
||
| 500 |
_aBibliographical references 261-264p. _ccm.; Index 265-274p. _ccm. |
||
| 650 | _a Business mahematics | ||
| 650 | _aStochastic processes | ||
| 942 |
_hB28110bX, P3 _cTEXL _2CC |
||
| 999 |
_c58001 _d58001 |
||